[Event "Asia-chT (Women) final 7th"]
[Site "Zaozhuang"]
[Date "2012.05.23"]
[Round "6.3"]
[White "Saduakassova, Dinara"]
[Black "Nguyen Thi Mai, Hung"]
[Result "1/2-1/2"]
[WhiteElo "2219"]
[BlackElo "2237"]
[PlyCount "88"]
[EventDate "2012.05.17"]
[EventType "team-swiss"]
[EventRounds "9"]
[EventCountry "CHN"]
[SourceTitle "CBM 148 Extra"]
[Source "ChessBase"]
[SourceDate "2012.06.22"]
[SourceVersion "1"]
[SourceVersionDate "2012.06.22"]
[SourceQuality "1"]
[WhiteTeam "Kazakhstan (W)"]
[BlackTeam "Vietnam (W)"]
[WhiteTeamCountry "KAZ"]
[BlackTeamCountry "VIE"]

1. e4 c5 2. Nf3 g6 3. d4 cxd4 4. Nxd4 Nc6 5. c4 Nf6 6. Nc3 d6 7. Be2 Nxd4 8. Qxd4 Bg7 9. Be3 0-0 10. Qd2 Be6 11. Rc1 Qa5 12. f3 Rfc8 13. b3 a6 14. Na4 Qxd2+ 15. Kxd2 Nd7 16. g4 Rc6 17. Nc3 Kf8 18. Nd5 Bxd5 19. cxd5 Rcc8 20. h4 Nc5 21. Rc2 b5 22. b4 Na4 23. Rhc1 Rxc2+ 24. Rxc2 Ke8 25. Rc6 Kd8 26. Bd1 Nb2 27. Bb6+ Ke8 28. Be2 Na4 29. Be3 Kd8 30. Bd1 Nb2 31. Bb6+ Ke8 32. Bb3 h5 33. gxh5 gxh5 34. Bf2 Kd7 35. Ke2 Bf6 36. Rc1 a5 37. bxa5 Rxa5 38. Bb6 Ra8 39. Bf2 Na4 40. Rc2 Be5 41. Kd3 Nb2+ 42. Ke2 Na4 43. Kd3 Nb2+ 44. Ke2 Na4 1/2-1/2

[Event "Asia-chT (Women) final 7th"]
[Site "Zaozhuang"]
[Date "2012.05.20"]
[Round "4.4"]
[White "Nguyen Thi Mai, Hung"]
[Black "Li, Xueyi"]
[Result "1-0"]
[WhiteElo "2237"]
[BlackElo "2082"]
[PlyCount "159"]
[EventDate "2012.05.17"]
[EventType "team-swiss"]
[EventRounds "9"]
[EventCountry "CHN"]
[SourceTitle "CBM 148 Extra"]
[Source "ChessBase"]
[SourceDate "2012.06.22"]
[SourceVersion "1"]
[SourceVersionDate "2012.06.22"]
[SourceQuality "1"]
[WhiteTeam "Vietnam (W)"]
[BlackTeam "China (W) III"]
[WhiteTeamCountry "VIE"]
[BlackTeamCountry "CHI"]

1. d4 Nf6 2. Bf4 e6 3. e3 b6 4. Nf3 Bb7 5. h3 c5 6. Bd3 d5 7. Bxb8 Rxb8 8. Bb5+ Ke7 9. Ne5 g6 10. c3 Bg7 11. Nd2 Qc7 12. Qf3 a6 13. Be2 Rhf8 14. Qg3 Rfc8 15. f4 Kf8 16. Qh4 Qe7 17. Ndf3 h6 18. 0-0 cxd4 19. exd4 Nh5 20. Qg4 Nf6 21. Qg3 Ne4 22. Qe1 Kg8 23. Bd3 b5 24. a3 Ba8 25. Nd2 Nd6 26. Qe2 Nc4 27. Nb3 a5 28. Nc5 b4 29. axb4 axb4 30. Na6 Rb6 31. Nxb4 Nd6 32. Ra4 Bb7 33. Rfa1 Nf5 34. Qf2 Nd6 35. R4a2 Nc4 36. Bc2 Qc7 37. Nbd3 Rb8 38. Bd1 Bc8 39. Ra7 R6b7 40. Rxb7 Rxb7 41. Qe2 Nxb2 42. Nxb2 Qxc3 43. Ra8 Kh7 44. Nbd3 Qxd4+ 45. Kh2 Rc7 46. Nf3 Qb6 47. Nde5 Qb7 48. Ra2 Qb4 49. Qd2 Qd6 50. Bc2 Bb7 51. Bb1 Kg8 52. Rc2 g5 53. Rxc7 Qxc7 54. Nd3 Ba6 55. g3 Bxd3 56. Bxd3 gxf4 57. gxf4 Qb8 58. Kg3 e5 59. fxe5 Bxe5+ 60. Kg2 Bg7 61. Bc2 Qb7 62. Qd3 Qb2 63. Qf5 Qc3 64. h4 Qc4 65. Bd3 Qa2+ 66. Kg3 Qa8 67. h5 Qb8+ 68. Kg2 d4 69. Bc4 Qc7 70. Bd5 Qe7 71. Qc8+ Qf8 72. Qd7 Bf6 73. Bc4 Qe7 74. Qc8+ Qf8 75. Qf5 Bg7 76. Nd2 Qe7 77. Ne4 Qc7 78. Nd6 Kf8 79. Nxf7 Qb7+ 80. Kg1 1-0